| 000 | 005210000a22001810004500 | ||
|---|---|---|---|
| 003 | MACL | ||
| 005 | 20160226143224.0 | ||
| 008 | 160226b xxu||||| |||| 00| 0 eng d | ||
| 040 |
_aMACL _cMACL |
||
| 041 | _aHindi | ||
| 082 | _a800 | ||
| 100 |
_aएम़ डॉ. देवराज _940672 |
||
| 245 | _aसाहित्य-चिन्ता | ||
| 260 |
_bगौतम बुक डिपो _c1950 _aनई दिल्ली |
||
| 350 | _a5 | ||
| 650 |
_aLiterature _940673 |
||
| 942 |
_cHIN _k800 _2ddc |
||
| 999 |
_c24532 _d24532 |
||